| 000 | 00000nam##2200000za#4500 |
| 001 | 9.588184 |
| 003 | CaOODSP |
| 005 | 20210624195010 |
| 007 | cr ||||||||||| |
| 008 | 150406|2002||||xxc|||||o f|0| 0 fre|d |
| 022 | |a1488-5379 |
| 040 | |aCaOODSP|bfre |
| 041 | |aeng |
| 041 | |afre |
| 043 | |an-cn--- |
| 086 | 1 |aFs97-6/2438-PDF |
| 110 | 1 |aCanada. |bMinistère des pêches et des océans. |
| 245 | 10|aComptes rendus du 29e atelier annuel sur la toxicité aquatique : |h[ressource électronique]|bdu 21-23 octobre 2002, Whistler, Colombie Britannique / |cEditeurs C.V. Eichkoff, G.C. van Aggelen et A.J. Niimi. |
| 260 | |aBurlington - Ontario : |bPêches et Océans Canada |cc2002. |
| 300 | |a185p.|bfigures |
| 490 | 1 |aRapport technique canadien des sciences halieutiques et aquatiques|x1488-5379|vN° 2438 |
| 546 | |aTextes préliminaires en français et en anglais. Les articles en leurs langues originales. |
| 590 | |a12-37-Supp|b2012-09-24 |
| 791 | |tProceedings of the 29th Annual Aquatic Toxicity Workshop : |eeng|w(CaOODSP)9.588183 |
| 830 | #0|aRapport technique canadien des sciences halieutiques et aquatiques,|x1488-5379|vN° 2438|w(CaOODSP)9.500270 |
| 856 | 40|ahttp://publications.gc.ca|qPDF|s10,898 Ko|uhttps://publications.gc.ca/collections/collection_2012/mpo-dfo/Fs97-6-2438.pdf|yN° 2438 |